History of the Indian Council of Agricultural Research 1929-1979 (Record no. 15143)

MARC details
000 -LEADER
fixed length control field 00419nam a2200145Ia 4500
008 - FIXED-LENGTH DATA ELEMENTS--GENERAL INFORMATION
fixed length control field 140316s9999 xx 000 0 und d
020 ## - INTERNATIONAL STANDARD BOOK NUMBER
International Standard Book Number
082 ## - DEWEY DECIMAL CLASSIFICATION NUMBER
Classification number 630.72
Item number RAN/HI
100 ## - MAIN ENTRY--PERSONAL NAME
Personal name Randhawa,M S
245 ## - TITLE STATEMENT
Title History of the Indian Council of Agricultural Research 1929-1979
260 ## - PUBLICATION, DISTRIBUTION, ETC. (IMPRINT)
Place of publication, distribution, etc. New Delhi
Name of publisher, distributor, etc. Indian council of Agricultural Research
Date of publication, distribution, etc. 1979
300 ## - PHYSICAL DESCRIPTION
Extent 496
650 ## - SUBJECT ADDED ENTRY--TOPICAL TERM
Topical term or geographic name as entry element Research institutes
942 ## - ADDED ENTRY ELEMENTS (KOHA)
Source of classification or shelving scheme Dewey Decimal Classification
Koha item type Books (General)
Holdings
Withdrawn status Lost status Source of classification or shelving scheme Damaged status Not for loan Home library Current library Shelving location Date acquired Total Checkouts Full call number Barcode Date last seen Price effective from Koha item type Collection code
    Dewey Decimal Classification     KAU Central Library, Thrissur KAU Central Library, Thrissur General 18/03/2014   630.72 RAN/HI 805394 18/03/2014 18/03/2014 Books (General)  
    Dewey Decimal Classification     KAU Central Library, Thrissur KAU Central Library, Thrissur General 13/08/2019   630.72 RAN/HI 206934 13/08/2019 13/08/2019 Books (General) General
Kerala Agricultural University Central Library
Thrissur-(Dt.), Kerala Pin:- 680656, India
Ph : (+91)(487) 2372219
E-mail: librarian@kau.in
Website: http://library.kau.in/